Reading Understanding and Applying Nursing Research (Record no. 56406)

MARC details
000 -LEADER
fixed length control field 00444nam a2200169Ia 4500
008 - FIXED-LENGTH DATA ELEMENTS--GENERAL INFORMATION
fixed length control field 220603s9999 xx 000 0 und d
020 ## - INTERNATIONAL STANDARD BOOK NUMBER
International Standard Book Number 978-81-8448-668-1
082 ## - DEWEY DECIMAL CLASSIFICATION NUMBER
Classification number 610.724
Item number FAI
100 ## - MAIN ENTRY--PERSONAL NAME
Personal name Fain James
9 (RLIN) 92415
245 ## - TITLE STATEMENT
Title Reading Understanding and Applying Nursing Research
250 ## - EDITION STATEMENT
Edition statement 3rd ed
260 ## - PUBLICATION, DISTRIBUTION, ETC. (IMPRINT)
Place of publication, distribution, etc. Philadelphia
Name of publisher, distributor, etc. F A Davis Company
Date of publication, distribution, etc. 2009
300 ## - PHYSICAL DESCRIPTION
Extent 291p
365 ## - TRADE PRICE
Price amount Rs.
542 ## - INFORMATION RELATING TO COPYRIGHT STATUS
Personal creator death date BSC
Holdings
Withdrawn status Lost status Damaged status Not for loan Home library Current library Date acquired Vendor Bill number Total Checkouts Full call number Barcode Date last seen Bill Date Koha item type Original Barcode
        Smt. Bakul Tambat Institute of Nursing Education Smt. Bakul Tambat Institute of Nursing Education 11/02/2010 Jaypee Brothers Medical Publishers 5499   610.724 FAI CD0230 BTIN-CD-230 10/08/2022 11/02/2010 CD CD0230